header

At-risk students (Record no. 9333)

MARC details
000 -LEADER
fixed length control field 01509nam a2200349Ia 4500
001 - CONTROL NUMBER
control field ebr10020666
003 - CONTROL NUMBER IDENTIFIER
control field CaPaEBR
006 - FIXED-LENGTH DATA ELEMENTS--ADDITIONAL MATERIAL CHARACTERISTICS--GENERAL INFORMATION
fixed length control field m u
007 - PHYSICAL DESCRIPTION FIXED FIELD--GENERAL INFORMATION
fixed length control field cr cn|||||||||
008 - FIXED-LENGTH DATA ELEMENTS--GENERAL INFORMATION
fixed length control field 930924s1993 nyu sb s001 0 eng d
010 ## - LIBRARY OF CONGRESS CONTROL NUMBER
Canceled/invalid LC control number 92005481
020 ## - INTERNATIONAL STANDARD BOOK NUMBER
Cancelled/invalid ISBN 0791413942 (eBook)
Cancelled/invalid ISBN 0791413934
040 ## - CATALOGING SOURCE
Original cataloging agency CaPaEBR
Transcribing agency CaPaEBR
035 ## - SYSTEM CONTROL NUMBER
System control number (OCoLC)70763275
050 14 - LIBRARY OF CONGRESS CALL NUMBER
Classification number LC4091
Item number .A925 1993eb
082 04 - DEWEY DECIMAL CLASSIFICATION NUMBER
Classification number 371.96/7
Edition number 20
245 00 - TITLE STATEMENT
Title At-risk students
Medium [electronic resource] :
Remainder of title portraits, policies, programs, and practices /
Statement of responsibility, etc edited by Robert Donmoyer and Raylene Kos.
260 ## - PUBLICATION, DISTRIBUTION, ETC. (IMPRINT)
Place of publication, distribution, etc Albany, N.Y. :
Name of publisher, distributor, etc State University of New York Press,
Date of publication, distribution, etc c1993.
300 ## - PHYSICAL DESCRIPTION
Extent 243 p.
490 1# - SERIES STATEMENT
Series statement SUNY series, youth social services, schooling, and public policy
504 ## - BIBLIOGRAPHY, ETC. NOTE
Bibliography, etc Includes bibliographical references and index.
533 ## - REPRODUCTION NOTE
Type of reproduction Electronic reproduction.
Place of reproduction Palo Alto, Calif. :
Agency responsible for reproduction ebrary,
Date of reproduction 2009.
Note about reproduction Available via World Wide Web.
-- Access may be limited to ebrary affiliated libraries.
650 #0 - SUBJECT ADDED ENTRY--TOPICAL TERM
Topical term or geographic name as entry element Children with social disabilities
General subdivision Education
Geographic subdivision United States.
Topical term or geographic name as entry element Children with social disabilities
General subdivision Education
Geographic subdivision United States
Form subdivision Case studies.
655 #7 - INDEX TERM--GENRE/FORM
Genre/form data or focus term Electronic books.
Source of term local
700 1# - ADDED ENTRY--PERSONAL NAME
Personal name Donmoyer, Robert.
Personal name Kos, Raylene.
710 2# - ADDED ENTRY--CORPORATE NAME
Corporate name or jurisdiction name as entry element ebrary, Inc.
830 #0 - SERIES ADDED ENTRY--UNIFORM TITLE
Uniform title SUNY series, youth social services, schooling, and public policy.
856 40 - ELECTRONIC LOCATION AND ACCESS
Uniform Resource Identifier <a href="http://site.ebrary.com/lib/rucke/Doc?id=10020666">http://site.ebrary.com/lib/rucke/Doc?id=10020666</a>
Public note An electronic book accessible through the World Wide Web; click to view

No items available.

© 2026 Rongo University
Contact us: librarian | system librarian | Rongo university